000 00589nam a22001937a 4500
005 20251108171920.0
008 250721s2001 xx 000 0 ara d
082 1 4 _a657.45/أخر
100 1 _aالأخرس، عاطف
245 1 0 _aمحاسبة التكاليف الصناعية /
264 1 _aعمان :
_bدار البركة للنشر و التوزيع،
_c2001.
300 _a264ص
650 1 7 _aمحاسبة التكاليف
650 1 7 _aالصناعات
700 1 _aالهنيني، إيمان
700 1 _aحمودة، سمير
942 _2ddc
_cBK
999 _c65865
_d65865